| 000 | 00745nam a22002417a 4500 | ||
|---|---|---|---|
| 999 |
_c1726 _d1726 |
||
| 003 | AR-CdUCM | ||
| 008 | 190227b ||||| |||| 00| 0 spa d | ||
| 020 | _a9789972894626 | ||
| 040 |
_aMUNICIPALIDAD PROVINCIAL DEL CUSCO _cBIBLIOTECA MUNICIPAL DEL CUSCO |
||
| 041 | _hpol | ||
| 082 |
_a801 / _bM66 |
||
| 100 |
_aMitosz, Czestaw _96364 |
||
| 245 | _aPoesía escogida / | ||
| 260 |
_aLima : _bHipocampo, _c2012. |
||
| 300 |
_a128 páginas ; _c21 cm. |
||
| 500 | _aTexto en polaco con traducción al español en páginas opuestas. | ||
| 650 |
_aLiteratura polaca _93389 |
||
| 650 |
_aTraducciones _95996 |
||
| 650 |
_aPoesía _9139 |
||
| 700 |
_aSabogal Dunin, Isabel (seleción - traducción) _96365 |
||
| 942 |
_2ddc _cLIBROS |
||
| 945 | _azta | ||